[Event "Oberliga Wuerttemberg 9697"]
[Site "Wuerttemberg"]
[Date "1996.??.??"]
[Round "?"]
[White "Kindl, Peter"]
[Black "Mueller, Ralf1111"]
[Result "0-1"]
[WhiteElo "2310"]
[BlackElo "2300"]
[PlyCount "92"]
[EventDate "1996.09.??"]
[EventType "team"]
[EventRounds "9"]
[EventCountry "GER"]
[SourceTitle "EXT 1999"]
[Source "ChessBase"]
[SourceDate "1998.11.16"]
[SourceVersion "1"]
[SourceVersionDate "1998.11.16"]
[SourceQuality "1"]

1. d4 Nf6 2. Nf3 g6 3. c4 Bg7 4. Nc3 d5 5. e3 0-0 6. Be2 c5 7. 0-0 cxd4 8. exd4 Nc6 9. Re1 Bf5 10. Bg5 Ne4 11. Bh4 dxc4 12. Bxc4 Nd6 13. Bd5 Re8 14. Ne5 Qb6 15. Bxc6 bxc6 16. Na4 Qb5 17. Rc1 Be6 18. Nxc6 Nf5 19. Rc5 Qb7 20. d5 Bd7 21. Bg3 e6 22. Ne5 exd5 23. Nxd7 Rxe1+ 24. Qxe1 Qxd7 25. Qd1 Re8 26. Rc1 Bh6 27. Rb1 Qc6 28. b4 Qc4 29. a3 Nd4 30. h3 Ne2+ 31. Kh2 Nxg3 32. fxg3 Re2 33. Rb2 Rxb2 34. Nxb2 Qe4 35. Nd3 Be3 36. a4 h5 37. b5 Bb6 38. Nf4 d4 39. Nd3 Bc7 40. Qc2 Bd6 41. a5 Qd5 42. Qa4 h4 43. b6 Bxg3+ 44. Kg1 a6 45. Qb4 Qa2 46. Kf1 Qc2 0-1

[Event "Wuerttemberg-ch"]
[Site "Germany"]
[Date "1995.??.??"]
[Round "1"]
[White "Kindl, Peter"]
[Black "Hoffmann, Hans"]
[Result "0-1"]
[WhiteElo "2340"]
[BlackElo "2230"]
[PlyCount "52"]
[EventDate "1995.??.??"]
[EventType "swiss"]
[EventRounds "9"]
[EventCountry "GER"]
[SourceTitle "EXT 1998"]
[Source "ChessBase"]
[SourceDate "1997.11.17"]
[SourceVersion "1"]
[SourceVersionDate "1997.11.17"]
[SourceQuality "1"]

1. d4 d5 2. c4 c6 3. Nf3 Nf6 4. e3 e6 5. Nbd2 Nbd7 6. Bd3 Be7 7. 0-0 b6 8. b3 Bb7 9. Bb2 0-0 10. Rc1 c5 11. Bb1 Ne4 12. dxc5 Ndxc5 13. b4 Nxd2 14. Nxd2 Ne4 15. cxd5 Nxd2 16. Qxd2 Bxd5 17. Rfd1 f5 18. f3 Rc8 19. Rxc8 Qxc8 20. e4 fxe4 21. fxe4 Ba8 22. Rc1 Qd8 23. Qc3 Bf6 24. e5 Bg5 25. Qh3 g6 26. Re1 Qd2 0-1

[Event "Groningen op"]
[Site "Groningen"]
[Date "1994.??.??"]
[Round "3"]
[White "Kindl, Peter"]
[Black "Graf, Alexander"]
[Result "0-1"]
[WhiteElo "2340"]
[BlackElo "2575"]
[PlyCount "62"]
[EventDate "1994.12.??"]
[EventType "swiss"]
[EventRounds "11"]
[EventCountry "NED"]
[SourceTitle "CBM 045 Extra"]
[Source "ChessBase"]
[SourceDate "1995.05.01"]
[SourceVersion "1"]
[SourceVersionDate "1995.05.01"]
[SourceQuality "1"]

1. d4 d5 2. Nf3 Nf6 3. c4 dxc4 4. e3 e6 5. Bxc4 c5 6. 0-0 a6 7. Bb3 b5 8. a4 b4 9. Nbd2 Bb7 10. Qe2 Nbd7 11. Rd1 Be7 12. Nc4 0-0 13. dxc5 Qc7 14. Nb6 Rad8 15. Nxd7 Nxd7 16. Bd2 Nxc5 17. Bc4 a5 18. Nd4 Bf6 19. Be1 Qb6 20. f3 Bd5 21. Bf2 Bxc4 22. Qxc4 Rc8 23. Rac1 h6 24. Qb5 Qxb5 25. axb5 Na4 26. Rxc8 Rxc8 27. Nc6 Nxb2 28. Rb1 Nc4 29. Bg3 Kh7 30. Rc1 b3 31. e4 b2 0-1

[Event "BL2-Sued 9394"]
[Site "Germany"]
[Date "1994.??.??"]
[Round "?.4"]
[White "Kindl, Peter"]
[Black "Mandel, Andreas"]
[Result "1/2-1/2"]
[WhiteElo "2340"]
[BlackElo "2370"]
[PlyCount "42"]
[EventDate "1993.10.??"]
[EventType "team-tourn"]
[EventRounds "9"]
[EventCountry "GER"]
[SourceTitle "GER-chT2"]
[Source "ChessBase"]
[SourceDate "1999.07.01"]
[SourceVersion "1"]
[SourceVersionDate "1999.07.01"]
[SourceQuality "1"]
[WhiteTeam "Sindelfingen"]
[BlackTeam "Viernheim"]
[WhiteTeamCountry "GER"]
[BlackTeamCountry "GER"]

1. d4 Nf6 2. Nf3 g6 3. c4 Bg7 4. Nc3 0-0 5. e4 d6 6. Be2 e5 7. 0-0 Nc6 8. d5 Ne7 9. b4 a5 10. Ba3 axb4 11. Bxb4 b6 12. a4 Ne8 13. a5 c5 14. dxc6 bxa5 15. Nb5 Nxc6 16. Bxd6 Nxd6 17. Qxd6 Qxd6 18. Nxd6 Bg4 19. Rfb1 Rfb8 20. c5 Bf8 21. Bc4 Bxd6 1/2-1/2

[Event "Hospitalet op"]
[Site "Hospitalet"]
[Date "1994.??.??"]
[Round "7"]
[White "Kindl, Peter"]
[Black "Spassov, Liuben"]
[Result "1/2-1/2"]
[WhiteElo "2340"]
[BlackElo "2430"]
[PlyCount "60"]
[EventDate "1994.??.??"]
[EventType "swiss"]
[EventRounds "9"]
[EventCountry "ESP"]
[SourceTitle "EXT 1997"]
[Source "ChessBase"]
[SourceDate "1996.11.15"]
[SourceVersion "1"]
[SourceVersionDate "1996.11.15"]
[SourceQuality "1"]

1. d4 Nf6 2. Nf3 e6 3. c4 d5 4. Nc3 c6 5. e3 Nbd7 6. Bd3 dxc4 7. Bxc4 b5 8. Be2 Be7 9. 0-0 Bb7 10. Bd2 0-0 11. a3 a5 12. Qc2 Rc8 13. Rfd1 Qc7 14. Rac1 Qb8 15. Be1 b4 16. axb4 axb4 17. Na4 c5 18. Nxc5 Nxc5 19. dxc5 Bxc5 20. Qa4 Nd5 21. Nd4 h6 22. Qb5 Bd6 23. g3 Rxc1 24. Rxc1 Rc8 25. Rxc8+ Qxc8 26. Bd3 Be7 27. Nc2 Bc6 28. Qc4 Qd7 29. Bf1 Qb7 30. Nd4 Bd7 1/2-1/2

[Event "Groningen op"]
[Site "Groningen"]
[Date "1994.??.??"]
[Round "2"]
[White "Zhukova, Natalia"]
[Black "Kindl, Peter"]
[Result "0-1"]
[WhiteElo "2225"]
[BlackElo "2340"]
[PlyCount "100"]
[EventDate "1994.12.??"]
[EventType "swiss"]
[EventRounds "11"]
[EventCountry "NED"]
[SourceTitle "EXT 1997"]
[Source "ChessBase"]
[SourceDate "1996.11.15"]
[SourceVersion "1"]
[SourceVersionDate "1996.11.15"]
[SourceQuality "1"]

1. d4 Nf6 2. Nf3 g6 3. Bf4 Bg7 4. e3 d6 5. h3 c5 6. c3 cxd4 7. exd4 0-0 8. Be2 Nd5 9. Bg3 Nc6 10. 0-0 e5 11. Nbd2 exd4 12. cxd4 Re8 13. Nc4 Bf8 14. Re1 Bf5 15. Qb3 Ncb4 16. Rac1 Rc8 17. Bf1 Rxe1 18. Rxe1 a5 19. Qa4 b6 20. a3 Nd3 21. Rd1 N5f4 22. Rd2 Bh6 23. Qb5 d5 24. Nxb6 Rc1 25. Bxf4 Nxf4 26. Kh2 Rxf1 27. Qxf1 Qxb6 28. Qe1 Be4 29. Qe3 g5 30. Ne5 Nxg2 31. Qg3 Nh4 32. f3 Bf5 33. Ng4 Bxg4 34. fxg4 Ng6 35. Qe3 Qd6+ 36. Kg1 Nf4 37. Rc2 Bf8 38. Rc8 Kg7 39. b4 axb4 40. axb4 Qxb4 41. Qe5+ f6 42. Rc7+ Kg8 43. Qe8 Qb1+ 44. Kf2 Qa2+ 45. Kf1 Qa1+ 46. Kf2 Qxd4+ 47. Kf1 Qa1+ 48. Kf2 Qa2+ 49. Kf1 Qb1+ 50. Kf2 Qb6+ 0-1

[Event "Zalaegerszeg"]
[Site "Zalaegerszeg"]
[Date "1993.??.??"]
[Round "10"]
[White "Baumegger, Siegfried"]
[Black "Kindl, Peter"]
[Result "0-1"]
[WhiteElo "2260"]
[BlackElo "2335"]
[PlyCount "142"]
[EventDate "1993.??.??"]
[EventType "tourn"]
[EventRounds "13"]
[EventCountry "HUN"]
[EventCategory "3"]
[SourceTitle "EXT 1997"]
[Source "ChessBase"]
[SourceDate "1996.11.15"]
[SourceVersion "1"]
[SourceVersionDate "1996.11.15"]
[SourceQuality "1"]

1. d4 Nf6 2. c4 g6 3. Nc3 d5 4. cxd5 Nxd5 5. e4 Nxc3 6. bxc3 Bg7 7. Be3 c5 8. Qd2 Qa5 9. Rb1 cxd4 10. cxd4 Qxd2+ 11. Kxd2 0-0 12. Nf3 e6 13. Bb5 b6 14. Rhc1 Bb7 15. Ng5 h6 16. Rc7 Ba6 17. Nf3 Bxb5 18. Rxb5 Na6 19. Rc3 Rfc8 20. Rxc8+ Rxc8 21. Kd3 Kf8 22. Bd2 Ke8 23. Rb3 Nc7 24. Bf4 g5 25. Bd6 Kd7 26. Be5 f6 27. Bxc7 Rxc7 28. Rc3 Rb7 29. g4 Bf8 30. d5 Bc5 31. Nd4 exd5 32. exd5 Kd6 33. Nf5+ Kxd5 34. f3 Rh7 35. Ng3 Bd6 36. Ne4 Be5 37. Rc8 h5 38. h3 hxg4 39. hxg4 Rh3 40. Nd2 Bf4 41. Rd8+ Kc6 42. Rf8 Be5 43. a4 a6 44. Ke4 b5 45. axb5+ axb5 46. Kd3 Kd5 47. Rf7 b4 48. Rb7 Bc3 49. Rb5+ Ke6 50. Rb6+ Kf7 51. Ke3 Bxd2+ 52. Kxd2 Rxf3 53. Rxb4 Ke6 54. Re4+ Kd5 55. Re1 Rg3 56. Rf1 Ke5 57. Re1+ Kf4 58. Re6 Kxg4 59. Rxf6 Rf3 60. Rg6 Kh4 61. Ke2 g4 62. Rg8 Kh3 63. Rh8+ Kg2 64. Rg8 g3 65. Rh8 Rf7 66. Re8 Kh1 67. Rh8+ Kg1 68. Re8 g2 69. Rh8 Re7+ 70. Kd3 Re5 71. Kd4 Rg5 0-1

[Event "Zalaegerszeg"]
[Site "Zalaegerszeg"]
[Date "1993.??.??"]
[Round "7"]
[White "Kindl, Peter"]
[Black "Karsa, Laszlo"]
[Result "1/2-1/2"]
[WhiteElo "2335"]
[BlackElo "2410"]
[PlyCount "43"]
[EventDate "1993.??.??"]
[EventType "tourn"]
[EventRounds "13"]
[EventCountry "HUN"]
[EventCategory "3"]
[SourceTitle "EXT 1997"]
[Source "ChessBase"]
[SourceDate "1996.11.15"]
[SourceVersion "1"]
[SourceVersionDate "1996.11.15"]
[SourceQuality "1"]

1. d4 Nf6 2. Nf3 g6 3. c4 Bg7 4. Nc3 d5 5. e3 0-0 6. Be2 c5 7. 0-0 cxd4 8. exd4 Nc6 9. Re1 Be6 10. c5 Ne4 11. Bf4 Bg4 12. Ne5 Nxe5 13. Bxe5 Bxe2 14. Rxe2 Bxe5 15. Nxe4 Bg7 16. Nc3 b6 17. Na4 bxc5 18. Nxc5 Qd6 19. Rc1 Rfe8 20. b4 Qf4 21. Nb3 e5 22. g3 1/2-1/2

[Event "GER-ch 65th"]
[Site "Bad Wildbad"]
[Date "1993.??.??"]
[Round "2"]
[White "Kindl, Peter"]
[Black "Renner, Christoph"]
[Result "0-1"]
[WhiteElo "2335"]
[BlackElo "2385"]
[PlyCount "46"]
[EventDate "1993.11.??"]
[EventType "swiss"]
[EventRounds "9"]
[EventCountry "GER"]
[SourceTitle "TD"]
[Source "ChessBase"]
[SourceDate "1994.03.01"]
[SourceVersion "1"]
[SourceVersionDate "1994.03.01"]
[SourceQuality "1"]

1. d4 f5 2. c4 Nf6 3. Nc3 d6 4. Nf3 g6 5. b4 a5 6. b5 Bg7 7. Bb2 Be6 8. e3 0-0 9. Be2 h6 10. Qc2 Nbd7 11. 0-0 Bf7 12. Rfd1 c5 13. bxc6 bxc6 14. e4 fxe4 15. Nxe4 Nxe4 16. Qxe4 Nf6 17. Qc2 Nh5 18. g3 Qd7 19. Nh4 Qe8 20. Bxh5 gxh5 21. Nf5 Bg6 22. Nxe7+ Qxe7 23. Qxg6 Qe2 0-1

[Event "Zalaegerszeg"]
[Site "Zalaegerszeg"]
[Date "1993.??.??"]
[Round "1"]
[White "Kindl, Peter"]
[Black "Singer, Richard"]
[Result "1-0"]
[WhiteElo "2335"]
[BlackElo "2210"]
[PlyCount "75"]
[EventDate "1993.??.??"]
[EventType "tourn"]
[EventRounds "13"]
[EventCountry "HUN"]
[EventCategory "3"]
[SourceTitle "EXT 1997"]
[Source "ChessBase"]
[SourceDate "1996.11.15"]
[SourceVersion "1"]
[SourceVersionDate "1996.11.15"]
[SourceQuality "1"]

1. d4 Nf6 2. Nf3 e6 3. c4 c5 4. Nc3 cxd4 5. Nxd4 d5 6. cxd5 Nxd5 7. Bd2 Bc5 8. Nb3 Bb6 9. e3 Nc6 10. Be2 0-0 11. 0-0 Bc7 12. Rc1 Ndb4 13. a3 Nd3 14. Rc2 e5 15. Nb5 Bb6 16. Bc3 Be6 17. Rd2 Bxb3 18. Qxb3 Nc5 19. Rxd8 Nxb3 20. Rxa8 Rxa8 21. Nd6 Ba5 22. Nxb7 Bxc3 23. bxc3 Rb8 24. Nd6 Nba5 25. Bf3 Kf8 26. Bd5 Rd8 27. Bxc6 Nxc6 28. Nc4 Rd5 29. Rc1 Na5 30. e4 Rc5 31. Ne3 Nc4 32. Nd5 Nxa3 33. Ra1 Ra5 34. Kf1 Ke8 35. Ke2 Kd7 36. Kd3 Kd6 37. Ne3 Ke6 38. Nc2 1-0

[Event "Oberliga Wuerttemberg 9293"]
[Site "Wuerttemberg"]
[Date "1993.??.??"]
[Round "?"]
[White "Knoedler, Dieter"]
[Black "Kindl, Peter"]
[Result "1-0"]
[WhiteElo "2265"]
[BlackElo "2335"]
[PlyCount "59"]
[EventDate "1992.10.??"]
[EventType "team"]
[EventRounds "9"]
[EventCountry "GER"]
[SourceTitle "GER"]
[Source "ChessBase"]
[SourceDate "1999.07.01"]
[SourceVersion "1"]
[SourceVersionDate "1999.07.01"]
[SourceQuality "1"]

1. c4 Nf6 2. g3 c5 3. Bg2 d5 4. cxd5 Nxd5 5. Nc3 Nc7 6. d3 e5 7. Nh3 Nc6 8. f4 exf4 9. Nxf4 Bg4 10. Qa4 Qd7 11. Be3 Rb8 12. 0-0 Be7 13. h3 Bf5 14. Ne4 b5 15. Qd1 Nd4 16. Rc1 Na6 17. Nd5 Bxe4 18. Bxe4 Qxh3 19. Bf4 Rd8 20. Nxe7 Kxe7 21. e3 Qd7 22. exd4 Qxd4+ 23. Rf2 f6 24. Qf3 Kf7 25. a3 Rhe8 26. Qh5+ Kf8 27. Qxh7 Rd7 28. Bg6 Re2 29. Qh8+ Ke7 30. Qe8# 1-0

[Event "GER-ch 65th"]
[Site "Bad Wildbad"]
[Date "1993.??.??"]
[Round "3"]
[White "Riegler, Dieter"]
[Black "Kindl, Peter"]
[Result "0-1"]
[WhiteElo "2240"]
[BlackElo "2335"]
[PlyCount "64"]
[EventDate "1993.11.??"]
[EventType "swiss"]
[EventRounds "9"]
[EventCountry "GER"]
[SourceTitle "TD"]
[Source "ChessBase"]
[SourceDate "1994.03.01"]
[SourceVersion "1"]
[SourceVersionDate "1994.03.01"]
[SourceQuality "1"]

1. d4 Nf6 2. c4 g6 3. Nc3 d5 4. Nf3 Bg7 5. Bg5 dxc4 6. e4 0-0 7. Bxc4 Bg4 8. Qd2 Nfd7 9. Be2 Nb6 10. Rd1 Nc6 11. d5 Bxf3 12. gxf3 Nd4 13. Bh6 Nc4 14. Qc1 Nxe2 15. Kxe2 Bxh6 16. Qxh6 Nxb2 17. Rb1 Nc4 18. h4 f6 19. h5 g5 20. Rhg1 Kh8 21. f4 Nd6 22. fxg5 Nf7 23. Qxf8+ Qxf8 24. g6 Ng5 25. f4 Qh6 26. fxg5 Qxh5+ 27. Kd3 fxg5 28. gxh7 c6 29. Rg3 cxd5 30. Nxd5 Rd8 31. Ke3 e6 32. Nc3 g4 0-1

[Event "GER-ch qual"]
[Site "Gladenbach"]
[Date "1992.??.??"]
[Round "8"]
[White "Gutman, Lev"]
[Black "Kindl, Peter"]
[Result "1-0"]
[WhiteElo "2445"]
[BlackElo "2305"]
[PlyCount "63"]
[EventDate "1992.??.??"]
[EventType "tourn"]
[EventRounds "11"]
[EventCountry "GER"]
[EventCategory "3"]
[SourceTitle "GER"]
[Source "ChessBase"]
[SourceDate "1999.07.01"]
[SourceVersion "1"]
[SourceVersionDate "1999.07.01"]
[SourceQuality "1"]

1. d4 d6 2. g3 Nd7 3. Nf3 e5 4. Bg2 Be7 5. dxe5 dxe5 6. 0-0 Ngf6 7. Nbd2 c6 8. Nc4 Qc7 9. b3 0-0 10. Bb2 Ng4 11. h3 b5 12. Ncd2 Nh6 13. c4 b4 14. a3 Rb8 15. axb4 Bxb4 16. Qc2 Re8 17. Ng5 Nf8 18. Bc3 a5 19. Rfd1 f6 20. Nge4 Nf7 21. Bxb4 axb4 22. c5 Rd8 23. Nc4 Rxd1+ 24. Rxd1 Be6 25. Ned6 Nd7 26. Nxf7 Bxf7 27. Nd6 Be6 28. Be4 h6 29. Bf5 Bxf5 30. Nxf5 Rb5 31. Qc4+ Kf8 32. Nd6 1-0

[Event "GER-ch qual"]
[Site "Gladenbach"]
[Date "1992.??.??"]
[Round "3"]
[White "Kindl, Peter"]
[Black "Braeuning, Rudolf Wilhelm"]
[Result "1-0"]
[WhiteElo "2305"]
[BlackElo "2310"]
[PlyCount "77"]
[EventDate "1992.??.??"]
[EventType "tourn"]
[EventRounds "11"]
[EventCountry "GER"]
[EventCategory "3"]
[SourceTitle "GER"]
[Source "ChessBase"]
[SourceDate "1999.07.01"]
[SourceVersion "1"]
[SourceVersionDate "1999.07.01"]
[SourceQuality "1"]

1. Nf3 Nf6 2. c4 e6 3. Nc3 c5 4. g3 d5 5. cxd5 Nxd5 6. Bg2 Nc6 7. 0-0 Be7 8. d4 0-0 9. e4 Ndb4 10. a3 cxd4 11. axb4 dxc3 12. bxc3 Qc7 13. Be3 Rd8 14. Qe2 Bd7 15. Nd2 e5 16. Rfd1 Be6 17. Bf1 Rac8 18. Qb5 a6 19. Qa4 Nb8 20. Rac1 Rd6 21. c4 Bd7 22. Qa3 Rg6 23. c5 Bc6 24. f3 h5 25. Nc4 Nd7 26. Bf2 Rd8 27. Qb3 Nf8 28. Rxd8 Bxd8 29. Rd1 Ne6 30. Nd6 h4 31. g4 Ng5 32. Kg2 Rf6 33. Be2 Ne6 34. Bxh4 Nf4+ 35. Kf1 Rh6 36. Bxd8 Rxh2 37. Bxc7 Rh1+ 38. Kf2 Rh2+ 39. Kg1 1-0